| 000 | 00853nam a2200217Ii 4500 | ||
|---|---|---|---|
| 003 | JO-AjNU | ||
| 008 | 230605s9999||||xx |||||||||||||| ||und|| | ||
| 017 | _a2009/2/367 | ||
| 040 |
_aJO-AjNU _bara _erda _cJO-AjNU |
||
| 041 | _aara | ||
| 050 | 1 | 4 | _aHF5655.A7.H3638 2009 |
| 100 | 3 |
_aحنان،رضوان حلوة / م.مشارك: نزار فليح البلداوي, _eauthor _929590 |
|
| 245 | 0 | 0 | _aمبادىء المحاسبة المالية: القياس والافصاح في القوائم المالية |
| 250 | _aط1 | ||
| 264 | 3 | 1 | _aعمان:دار اثراء للنشر والتوزيع، 2009 |
| 300 |
_a432ص _bيحتوي على ببلوغرافية من ص431-432ص |
||
| 336 |
_atext _btxt _2rdacontent |
||
| 337 |
_aunmediated _bn _2rdamedia |
||
| 338 |
_avolume _bnc _2rdacarrier |
||
| 650 | 4 |
_aالمحاسبة المالية _929591 |
|
| 999 |
_aA11626 _c15194 _d15194 |
||